| 000 | 00322nam a22001337a 4500 | ||
|---|---|---|---|
| 003 | SGT | ||
| 082 |
_a615.53 _bG14A |
||
| 100 | _aGAUTAM, DEVNATH SINGH | ||
| 245 | _aAYURVEDIYA RASA SHASTRA: SARAL ADHYAYAN | ||
| 260 |
_aVARANASI _bCHAUKHAMBHA PUB _c2014 |
||
| 300 | _a252 | ||
| 650 | _aAYURVEDA RASA SHASTRA | ||
| 942 |
_2ddc _cBK |
||
| 999 |
_c8678 _d8678 |
||